=LDR 00000nam 2200000 4500 =001 INLIS00000000000080 =005 20260702043538 =020 ##$$a 978-979-1462-01-3 =082 ##$$a 028.168 =100 1#$$a Pranata, Herman =245 1 $$a Petunjuk Praktis Membuat Kertas Daur Ulang Ramah Lingkungan /$c Herman Pranata =300 ##$$a 44 ; 14,5 x 21